| 000 | 00535nam a22001817a 4500 | ||
|---|---|---|---|
| 999 |
_c15712 _d15712 |
||
| 003 | AR-CdUCM | ||
| 008 | 190429b ||||| |||| 00| 0 spa d | ||
| 040 |
_aMUNICIPALIDAD PROVINCIAL DEL CUSCO _cBIBLIOTECA MUNICIPAL DEL CUSCO |
||
| 082 |
_aC / 978.082 / _bSA161 |
||
| 100 |
_aSalazar Bondy, Sebastian _9906 |
||
| 245 | _aCuba, nuestra revolución / | ||
| 260 |
_aLima : _bPatria Libre, _c1962. |
||
| 300 |
_a30 pƔginas ; _c15 cm. |
||
| 505 | _aCuba revolucionaria. | ||
| 650 |
_aCuba. _91821 |
||
| 942 |
_2ddc _cLIBROS |
||
| 945 | _awfj | ||